000 00306nam a2200121Ia 4500
005 20251222154425.0
008 251222s9999||||xx |||||||||||||| ||spa||
020 _a84-206-1643-5
082 _a828.82/D73P/T.2
100 _a"Dickens, Charles"
245 0 _aPapeles póstumos del Club pickwick
942 _cLIB
999 _c36170
_d36170